000 01017nam a22001937a 4500
003 OSt
005 20260407083030.0
008 260407b |||||||| |||| 00| 0 eng d
040 _aDWCL GS lib
_cOC
082 _aFic. T969g 2010
100 _aTwain, Mark
245 _athe adventures of huckleberry finn:
_bphilippine edition
_cMark twain
260 _aphilippine
_bHeninle cengage learning
_cc2010
300 _a176
_billustrations
_c16cm
520 _aHuckleberry Finn escapes from his evil, drunken father who isa trying to steal his treasure. Huck bestfriends jim, a runaway slave and together they float towards freedom on a raft down the Mississppi rivers. they encounter thieves and murderers, con men and husksters as they journey together. Mark twain's timeless tale of friendship and adventure shows us a boy coming of age and learning about life's pains and pleasures!
546 _aEnglish
700 _aMark twain
942 _2ddc
_cFIC.
_hFic. T969g 2010
_n0
999 _c9321
_d9321